[Event "Cacoal Easter op"]
[Site "Cacoal"]
[Date "2022.04.16"]
[Round "5"]
[White "Da Silva, Vinicius R Rodrigue"]
[Black "Araujo, Everson de Moura"]
[Result "1/2-1/2"]
[WhiteElo "1878"]
[BlackElo "2001"]
[PlyCount "68"]
[EventDate "2022.04.15"]
[EventType "swiss"]
[EventRounds "6"]
[EventCountry "BRA"]
[SourceTitle "CBM 207 Extra"]
[Source "ChessBase"]
[SourceDate "2022.05.31"]
[SourceVersion "1"]
[SourceVersionDate "2022.05.31"]
[SourceQuality "1"]

1. c4 e6 2. g3 d5 3. cxd5 exd5 4. Bg2 Nf6 5. e3 Be7 6. Ne2 0-0 7. 0-0 c6 8. d4 Bf5 9. Nbc3 Nbd7 10. Re1 Re8 11. b3 h6 12. Bb2 Nb6 13. Rc1 Bd6 14. Qd2 Qe7 15. Ra1 a5 16. Nc1 Ne4 17. Nxe4 Bxe4 18. Nd3 Bxg2 19. Kxg2 a4 20. Bc3 Nd7 21. Bb4 Bxb4 22. Nxb4 Nf6 23. Nd3 Ne4 24. Qc2 axb3 25. axb3 Ng5 26. Nf4 Ra3 27. h4 Ne4 28. Qb2 Rea8 29. Nd3 Rxa1 30. Rxa1 Rxa1 31. Qxa1 Nd2 32. Nc5 b6 33. Qc3 bxc5 34. Qxd2 Qe4+ 1/2-1/2

[Event "Cacoal Easter op"]
[Site "Cacoal"]
[Date "2022.04.15"]
[Round "1"]
[White "De Oliveira, Renato Sena"]
[Black "Da Silva, Vinicius R Rodrigue"]
[Result "0-1"]
[WhiteElo "1452"]
[BlackElo "1878"]
[PlyCount "58"]
[EventDate "2022.04.15"]
[EventType "swiss"]
[EventRounds "6"]
[EventCountry "BRA"]
[SourceTitle "CBM 207 Extra"]
[Source "ChessBase"]
[SourceDate "2022.05.31"]
[SourceVersion "1"]
[SourceVersionDate "2022.05.31"]
[SourceQuality "1"]

1. e4 c5 2. Nf3 e6 3. d4 cxd4 4. Nxd4 a6 5. a3 Nf6 6. Nc3 Qc7 7. Be3 b5 8. Be2 Bb7 9. f3 Be7 10. Qd2 0-0 11. Bf2 d5 12. Bg3 Qd8 13. exd5 Nxd5 14. Ne4 Nd7 15. c3 Nc5 16. 0-0 Nxe4 17. fxe4 Bg5 18. Qd3 Ne3 19. Rf3 Nc4 20. b3 Nd2 21. Rf4 Bxf4 22. Bxf4 Nxe4 23. Rf1 Re8 24. Bc1 e5 25. Qf3 Nd6 26. Qg4 exd4 27. Bh6 g6 28. Bg5 Rxe2 29. Bxd8 Rxg2+ 0-1

[Event "Florianopolis op 7th"]
[Site "Florianopolis"]
[Date "2021.01.18"]
[Round "1"]
[White "Caetano, Hugo Zanotti Mendon"]
[Black "Da Silva, Vinicius R Rodrigue"]
[Result "1-0"]
[WhiteElo "2155"]
[BlackElo "1860"]
[PlyCount "83"]
[EventDate "2021.01.18"]
[EventType "swiss"]
[EventRounds "10"]
[EventCountry "BRA"]
[SourceTitle "CBM 200 Extra"]
[Source "ChessBase"]
[SourceDate "2021.03.31"]
[SourceVersion "1"]
[SourceVersionDate "2021.03.31"]
[SourceQuality "1"]

1. d4 d5 2. c4 e6 3. Nc3 Nf6 4. Bg5 Be7 5. e3 0-0 6. Nf3 h6 7. Bh4 a6 8. cxd5 Nxd5 9. Bxe7 Qxe7 10. Bd3 Nxc3 11. bxc3 c5 12. 0-0 b5 13. a4 c4 14. Be4 Bb7 15. Qb1 Bxe4 16. Qxe4 Nd7 17. axb5 Nf6 18. Qc6 Rfc8 19. Rxa6 Rab8 20. Rb6 Rxc6 21. Rxb8+ Kh7 22. bxc6 Qc7 23. Rb4 Qxc6 24. Ne5 Qa6 25. Rxc4 Ne4 26. Rc7 f6 27. Nf3 Qb6 28. Re7 Nxc3 29. h3 Ne2+ 30. Kh1 Qd6 31. Rf7 Nc3 32. Ra1 Nb5 33. Ra8 Kg6 34. Raf8 Nc3 35. Nh4+ Kh5 36. g3 Ne4 37. Kh2 Ng5 38. f4 Nxf7 39. Rxf7 g5 40. Rxf6 gxf4 41. exf4 Qd8 42. g4+ 1-0

[Event "Rio Branco op"]
[Site "Rio Branco"]
[Date "2016.12.18"]
[Round "5"]
[White "Da Silva, Vinicius R Rodrigue"]
[Black "Felix, Raimundo Nascimento"]
[Result "1/2-1/2"]
[WhiteElo "1865"]
[BlackElo "1902"]
[PlyCount "34"]
[EventDate "2016.12.16"]
[EventType "swiss"]
[EventRounds "6"]
[EventCountry "BRA"]
[SourceTitle "CBM 176 Extra"]
[Source "ChessBase"]
[SourceDate "2017.03.02"]
[SourceVersion "1"]
[SourceVersionDate "2017.03.02"]
[SourceQuality "1"]

1. e4 d6 2. d4 g6 3. Nf3 Bg7 4. Nc3 Nc6 5. h3 e5 6. Be3 Bd7 7. Bc4 Nf6 8. 0-0 0-0 9. Qd2 exd4 10. Nxd4 Nxd4 11. Bxd4 Bc6 12. Rfe1 a6 13. f4 b5 14. Bd3 Bb7 15. Nd5 Nxd5 16. Bxg7 Kxg7 17. exd5 Qf6 1/2-1/2

[Event "Rio Branco IRT 3rd"]
[Site "Rio Branco"]
[Date "2016.08.07"]
[Round "5.2"]
[White "Cabrera, Dino Luis Hernandez"]
[Black "Da Silva, Vinicius R Rodrigue"]
[Result "1/2-1/2"]
[WhiteElo "2101"]
[BlackElo "1799"]
[PlyCount "90"]
[EventDate "2016.08.04"]
[EventType "swiss"]
[EventRounds "6"]
[EventCountry "BRA"]
[SourceTitle "EXT 2022"]
[Source "ChessBase"]
[SourceDate "2021.10.06"]
[SourceVersion "1"]
[SourceVersionDate "2021.10.06"]
[SourceQuality "1"]

1. d4 d5 2. Nf3 g6 3. Bf4 Bg7 4. e3 Nf6 5. c4 c6 6. Qb3 Nbd7 7. Nc3 Nb6 8. c5 Nbd7 9. h3 0-0 10. Be2 Re8 11. Ne5 Nxe5 12. Bxe5 Nd7 13. Bxg7 Kxg7 14. f4 f6 15. 0-0 e5 16. fxe5 fxe5 17. Rf3 Rf8 18. Raf1 Rxf3 19. Rxf3 Qe7 20. Qd1 e4 21. Rf4 Nf8 22. Bg4 Bxg4 23. Qxg4 Ne6 24. Rf2 Rf8 25. Ne2 Rxf2 26. Kxf2 h5 27. Qg3 Qc7 28. Qh4 Qf7+ 29. Kg1 g5 30. Qe1 h4 31. Nc3 Qc7 32. Nd1 b6 33. b4 b5 34. Nf2 Qg3 35. Qe2 Nd8 36. Ng4 Qc7 37. Ne5 Nf7 38. Qg4 Nxe5 39. dxe5 Qxe5 40. Qd7+ Kf8 41. Qxc6 Qa1+ 42. Kh2 Qe5+ 43. Kh1 Qa1+ 44. Kh2 Qe5+ 45. Kg1 Qa1+ 1/2-1/2

[Event "BRA-ch U18"]
[Site "Itajai"]
[Date "2016.06.10"]
[Round "3"]
[White "Da Silva, Vinicius R Rodrigue"]
[Black "Gauche, Joao Gabriel N Silv"]
[Result "0-1"]
[WhiteElo "1848"]
[BlackElo "1718"]
[PlyCount "98"]
[EventDate "2016.06.09"]
[EventType "swiss"]
[EventRounds "6"]
[EventCountry "BRA"]
[SourceTitle "CBM 172 Extra"]
[Source "ChessBase"]
[SourceDate "2016.06.21"]
[SourceVersion "1"]
[SourceVersionDate "2016.06.21"]
[SourceQuality "1"]

1. e4 e5 2. Nf3 Nc6 3. Bb5 a6 4. Ba4 Nf6 5. 0-0 Be7 6. Re1 b5 7. Bb3 d6 8. h3 Na5 9. c3 Nxb3 10. Qxb3 c5 11. d3 0-0 12. Bg5 h6 13. Bh4 Be6 14. Qc2 Nh5 15. Bxe7 Qxe7 16. Nbd2 Nf4 17. Nf1 Qf6 18. Kh2 Nxh3 19. gxh3 Qxf3 20. Re3 Qf4+ 21. Kg2 f5 22. Ng3 Qh4 23. exf5 Bxf5 24. Nxf5 Rxf5 25. Re4 Rf4 26. Rxf4 Qxf4 27. Rg1 Rf8 28. Qe2 Rf5 29. Qe3 Rg5+ 30. Kf1 Rxg1+ 31. Kxg1 Qxe3 32. fxe3 Kf7 33. Kf2 g5 34. Kf3 h5 35. e4 a5 36. c4 b4 37. b3 Kf6 38. Kg3 h4+ 39. Kf3 Kg7 40. Kg4 Kg6 41. Kf3 Kh5 42. Kg2 g4 43. Kh2 Kg5 44. Kg2 Kf4 45. hxg4 Kxg4 46. Kh2 h3 47. Kg1 Kg3 48. Kh1 h2 49. d4 exd4 0-1

[Event "Rondonia-ch 2nd"]
[Site "Porto Velho"]
[Date "2016.04.24"]
[Round "9"]
[White "Rodrigues, Nadylson Marcelino"]
[Black "Da Silva, Vinicius R Rodrigue"]
[Result "0-1"]
[WhiteElo "1580"]
[BlackElo "1787"]
[PlyCount "40"]
[EventDate "2016.04.21"]
[EventType "tourn"]
[EventRounds "9"]
[EventCountry "BRA"]
[SourceTitle "EXT 2022"]
[Source "ChessBase"]
[SourceDate "2021.10.06"]
[SourceVersion "1"]
[SourceVersionDate "2021.10.06"]
[SourceQuality "1"]

1. d4 d5 2. e3 g6 3. Nc3 Nf6 4. Bb5+ Bd7 5. Qe2 Bg7 6. Nf3 0-0 7. 0-0 a6 8. Bxd7 Nbxd7 9. Rd1 Re8 10. Ne5 c6 11. Nxd7 Qxd7 12. b3 Qf5 13. h3 e5 14. Bb2 exd4 15. Rxd4 Ne4 16. Rdd1 Bxc3 17. Rd3 Bxb2 18. Rb1 Nc3 19. Qe1 Nxb1 20. Qxb1 Bg7 0-1

[Event "Rondonia-ch 2nd"]
[Site "Porto Velho"]
[Date "2016.04.22"]
[Round "5"]
[White "Da Silva, Vinicius R Rodrigue"]
[Black "Da Silva, Jaderson Ferreira"]
[Result "1-0"]
[WhiteElo "1787"]
[BlackElo "1605"]
[PlyCount "63"]
[EventDate "2016.04.21"]
[EventType "tourn"]
[EventRounds "9"]
[EventCountry "BRA"]
[SourceTitle "EXT 2022"]
[Source "ChessBase"]
[SourceDate "2021.10.06"]
[SourceVersion "1"]
[SourceVersionDate "2021.10.06"]
[SourceQuality "1"]

1. e4 e5 2. Nf3 Nc6 3. d4 d6 4. Bb5 Bg4 5. d5 a6 6. Bxc6+ bxc6 7. dxc6 Bxf3 8. Qxf3 Be7 9. 0-0 Qb8 10. Qg3 g6 11. Nc3 Qb6 12. Qf3 Qxc6 13. h3 Nf6 14. Bg5 Nh5 15. Bxe7 Kxe7 16. Nd5+ Kf8 17. g4 Nf4 18. Nxf4 exf4 19. Qxf4 Qxc2 20. Rac1 Qxb2 21. Rxc7 Qxa2 22. Qxd6+ Kg8 23. Rfc1 Qe6 24. e5 h6 25. Qxe6 fxe6 26. Re7 Rh7 27. Rxe6 Rg7 28. Rcc6 Kf7 29. Rf6+ Kg8 30. Rxa6 Raa7 31. Rxg6 Rxg6 32. Rxa7 1-0

[Event "Florianopolis op 2nd"]
[Site "Florianopolis"]
[Date "2016.01.19"]
[Round "6"]
[White "Da Silva, Vinicius R Rodrigue"]
[Black "Feller, Gabriela Luisa Vice"]
[Result "0-1"]
[WhiteElo "1717"]
[BlackElo "1465"]
[PlyCount "102"]
[EventDate "2016.01.16"]
[EventType "swiss"]
[EventRounds "10"]
[EventCountry "BRA"]
[SourceTitle "CBM 170 Extra"]
[Source "ChessBase"]
[SourceDate "2016.02.25"]
[SourceVersion "1"]
[SourceVersionDate "2016.02.25"]
[SourceQuality "1"]

1. d4 d5 2. Nf3 e6 3. Bf4 Nf6 4. Nc3 c5 5. e3 Nc6 6. a3 Be7 7. Bb5 0-0 8. Bxc6 bxc6 9. 0-0 Ba6 10. Re1 Bd6 11. Ne5 Qc7 12. Na4 cxd4 13. exd4 Rab8 14. b3 h6 15. Nc5 Bb7 16. Nxb7 Rxb7 17. f3 Nd7 18. g3 Nxe5 19. Bxe5 Bxe5 20. dxe5 Qb6+ 21. Kg2 f6 22. Qe2 f5 23. Qe3 Qb5 24. Qd3 Qxd3 25. cxd3 Rxb3 26. Rec1 Rc8 27. Rd1 c5 28. Kf2 c4 29. dxc4 Rxc4 30. Rdb1 Rc2+ 31. Kg1 Rxf3 32. Rb7 Rff2 33. Rxa7 Rxh2 34. Ra6 Rhg2+ 35. Kf1 Rxg3 36. Rxe6 Kf7 37. Rd6 Rd2 38. a4 Rdd3 39. a5 Ra3 40. Rxa3 Rxa3 41. Rxd5 Ke6 42. Rb5 g5 43. Ke2 f4 44. Kf2 h5 45. Rb6+ Kxe5 46. Rh6 h4 47. a6 Kf5 48. Kg2 Kg4 49. Re6 Ra2+ 50. Kg1 h3 51. Re1 Rxa6 0-1

[Event "World School-ch U15 10th"]
[Site "Juiz de Fora"]
[Date "2014.12.03"]
[Round "8"]
[White "Da Silva, Vinicius R Rodrigue"]
[Black "Twigge Molecey, Billy"]
[Result "1/2-1/2"]
[WhiteElo "1829"]
[BlackElo "1877"]
[PlyCount "50"]
[EventDate "2014.11.26"]
[EventType "swiss"]
[EventRounds "9"]
[EventCountry "BRA"]
[SourceTitle "EXT 2016"]
[Source "ChessBase"]
[SourceDate "2015.10.08"]
[SourceVersion "1"]
[SourceVersionDate "2015.10.08"]
[SourceQuality "1"]

1. e4 e5 2. Nf3 Nc6 3. Bb5 a6 4. Ba4 Nf6 5. 0-0 b5 6. Bb3 Bc5 7. c3 d6 8. h3 h6 9. d4 Bb6 10. dxe5 Nxe5 11. Nxe5 dxe5 12. Qxd8+ Kxd8 13. Re1 Ke7 14. Be3 Bxe3 15. Rxe3 Rd8 16. a4 Be6 17. Bc2 c5 18. b4 cxb4 19. cxb4 a5 20. Nc3 axb4 21. Nxb5 Bc4 22. Rb1 b3 23. Bxb3 Bxb3 24. Rexb3 Rxa4 25. f3 Ra2 1/2-1/2

[Event "World School-ch U15 10th"]
[Site "Juiz de Fora"]
[Date "2014.12.02"]
[Round "7"]
[White "Rodrigues, Luis Filipe"]
[Black "Da Silva, Vinicius R Rodrigue"]
[Result "0-1"]
[WhiteElo "1436"]
[BlackElo "1829"]
[PlyCount "76"]
[EventDate "2014.11.26"]
[EventType "swiss"]
[EventRounds "9"]
[EventCountry "BRA"]
[SourceTitle "EXT 2016"]
[Source "ChessBase"]
[SourceDate "2015.10.08"]
[SourceVersion "1"]
[SourceVersionDate "2015.10.08"]
[SourceQuality "1"]

1. e4 c5 2. Nf3 d6 3. d4 cxd4 4. Nxd4 Nf6 5. Nc3 g6 6. f3 Bg7 7. Be3 0-0 8. Qd2 Nc6 9. Bc4 Bd7 10. 0-0-0 Rc8 11. Kb1 Qa5 12. Nxc6 bxc6 13. Bh6 Rb8 14. Bxg7 Kxg7 15. e5 Qxe5 16. Rde1 Qc5 17. Bb3 Rfe8 18. Ne4 Nxe4 19. Rxe4 a5 20. Rf4 d5 21. Rh4 h5 22. g4 Rh8 23. gxh5 Rb4 24. h6+ Kh7 25. Rf4 Rxf4 26. Qxf4 Be6 27. c4 dxc4 28. Bc2 c3 29. Qg3 Qb4 30. b3 Qa3 31. Bxg6+ fxg6 32. Kc2 Bf5+ 33. Kxc3 Qb4+ 34. Kb2 Rd8 35. Qe5 Rd2+ 36. Ka1 Qd4+ 37. Qxd4 Rxd4 38. Re1 e6 0-1

[Event "Porto Velho Taca"]
[Site "Porto Velho"]
[Date "2013.08.20"]
[Round "9.3"]
[White "Da Silva, Ezequias Damasceno"]
[Black "Da Silva, Vinicius R Rodrigue"]
[Result "0-1"]
[WhiteElo "1800"]
[BlackElo "1815"]
[PlyCount "96"]
[EventDate "2013.08.16"]
[EventType "swiss"]
[EventRounds "9"]
[EventCountry "BRA"]
[SourceTitle "EXT 2022"]
[Source "ChessBase"]
[SourceDate "2021.10.06"]
[SourceVersion "1"]
[SourceVersionDate "2021.10.06"]
[SourceQuality "1"]

1. e4 c5 2. Nc3 Nc6 3. Nf3 d6 4. d4 cxd4 5. Nxd4 Bd7 6. Be2 Nf6 7. f3 g6 8. 0-0 Bg7 9. Be3 0-0 10. Qd2 a6 11. Nb3 Be6 12. h3 Qd7 13. Rad1 Rfd8 14. Nd5 Bxd5 15. exd5 Ne5 16. c4 Rac8 17. Rc1 Qa4 18. Qa5 Qxa5 19. Nxa5 b6 20. Nc6 Rd7 21. b4 Rdc7 22. Nxe5 dxe5 23. c5 bxc5 24. bxc5 Nxd5 25. Bf2 a5 26. Ba6 Rb8 27. a3 f5 28. Bc4 e6 29. Rfe1 Kf7 30. Red1 Rd8 31. Bxd5 exd5 32. Rc3 d4 33. Rc4 Rc6 34. Rdc1 Rdc8 35. Be1 Ra6 36. Ra4 Bf8 37. Rxa5 Rxa5 38. Bxa5 Rxc5 39. Rxc5 Bxc5 40. a4 d3+ 41. Kf1 Ke6 42. Ke1 Kd5 43. Kd2 Kc4 44. Bc7 e4 45. a5 e3+ 46. Kd1 e2+ 47. Ke1 Bb4+ 48. Kf2 e1Q# 0-1

[Event "Porto Velho Taca"]
[Site "Porto Velho"]
[Date "2013.08.18"]
[Round "5.1"]
[White "Da Silva, Vinicius R Rodrigue"]
[Black "Da Silva, Jaderson Ferreira"]
[Result "1-0"]
[WhiteElo "1815"]
[BlackElo "1681"]
[PlyCount "55"]
[EventDate "2013.08.16"]
[EventType "swiss"]
[EventRounds "9"]
[EventCountry "BRA"]
[SourceTitle "EXT 2022"]
[Source "ChessBase"]
[SourceDate "2021.10.06"]
[SourceVersion "1"]
[SourceVersionDate "2021.10.06"]
[SourceQuality "1"]

1. e4 e5 2. Nf3 Nc6 3. Bb5 Nd4 4. Nxd4 exd4 5. 0-0 Nf6 6. c3 c6 7. Ba4 b5 8. Bc2 Bc5 9. cxd4 Bxd4 10. Nc3 0-0 11. Ne2 Bb6 12. d4 Qc7 13. Bf4 d6 14. h3 Nh5 15. Be3 f5 16. Nc3 Nf6 17. exf5 d5 18. Qf3 b4 19. Na4 Ne4 20. Bxe4 dxe4 21. Qxe4 Bxf5 22. Qh4 Rae8 23. Nxb6 Qxb6 24. d5 Rxe3 25. fxe3 Qxe3+ 26. Kh1 cxd5 27. Qxb4 a5 28. Qxa5 1-0

[Event "Pan American-ch U14 24th"]
[Site "Pocos de Caldas"]
[Date "2013.07.30"]
[Round "8.16"]
[White "Inciso Vera, Luis Angel"]
[Black "Da Silva, Vinicius R Rodrigue"]
[Result "1/2-1/2"]
[WhiteElo "1435"]
[BlackElo "1815"]
[PlyCount "40"]
[EventDate "2013.07.25"]
[EventType "swiss"]
[EventRounds "9"]
[EventCountry "BRA"]
[SourceTitle "EXT 2016"]
[Source "ChessBase"]
[SourceDate "2015.10.08"]
[SourceVersion "1"]
[SourceVersionDate "2015.10.08"]
[SourceQuality "1"]

1. e4 c5 2. Nf3 d6 3. d4 cxd4 4. Nxd4 Nf6 5. Nc3 g6 6. Be2 Bg7 7. 0-0 Bd7 8. Be3 0-0 9. Kh1 Nc6 10. Nb3 Rc8 11. f4 a6 12. Qd2 h5 13. f5 Ne5 14. Bh6 Nc4 15. Qc1 Kh7 16. fxg6+ fxg6 17. Bxg7 Kxg7 18. h3 Ne5 19. Qg5 Rh8 20. Nd4 e6 1/2-1/2

[Event "Pan American-ch U14 24th"]
[Site "Pocos de Caldas"]
[Date "2013.07.29"]
[Round "6.18"]
[White "Da Silva, Vinicius R Rodrigue"]
[Black "Bigoria, Luis"]
[Result "1/2-1/2"]
[WhiteElo "1815"]
[BlackElo "1679"]
[PlyCount "25"]
[EventDate "2013.07.25"]
[EventType "swiss"]
[EventRounds "9"]
[EventCountry "BRA"]
[SourceTitle "EXT 2016"]
[Source "ChessBase"]
[SourceDate "2015.10.08"]
[SourceVersion "1"]
[SourceVersionDate "2015.10.08"]
[SourceQuality "1"]

1. e4 c5 2. Nf3 Nc6 3. d4 cxd4 4. Nxd4 Nf6 5. Nc3 e6 6. Be3 Bb4 7. Nde2 Nxe4 8. Qd3 d5 9. f3 Nxc3 10. Nxc3 d4 11. Bxd4 Nxd4 12. 0-0-0 Qg5+ 13. Kb1 1/2-1/2